1000 nápadov a rád pre záhradkárov

Bibliographic Details
Other Authors: Jurkovičová, Viera, 1973- (Translator), Kovačičová, Jana (Translator), Laurincová, Mária (Translator), Oravcová, Adriana, 1952- (Translator), Prokešová, Viera, 1957-2008 (Translator), Silnická, Oľga (Translator), Šinková, Terézia (Translator), Šípošová, Helena, 1950- (Translator), Šnírerová, Tatiana, 1950- (Translator)
Format: Book
Language:Slovak
PhysicalDescription:416 s. fareb. ilustr. 26 cm
Published: Bratislava Reader's Digest Výber 1999
ISBN:8096787853
Subjects:

MARC

LEADER 00000nam a2200000 a 4500
001 vtls001366940
003 SK-MaSNL
005 20260302034123.0
008 251031s1999 xo ae r y 0 slo
015 |a SNBA1999/11-04035 
020 |a 8096787853 
035 |a SNK000320625 
040 |a SNK  |b slo  |c SNK  |e AACR2 
041 0 |a slo 
044 |a xo  |c SK 
080 |a 635(035)  |2 1981 
130 1 |a 1001 hints and tips for the garden  |l Slovensky  |9 685271 
245 1 |a 1000 nápadov a rád pre záhradkárov  |c [do slovenčiny preložili Viera Jurkovičová ... [et al.]] 
246 1 3 |a Tisíc nápadov a rád pre záhradkárov 
260 |a Bratislava  |b Reader's Digest Výber  |c 1999 
300 |a 416 s.  |b fareb. ilustr.  |c 26 cm 
500 |a Údaj o prekl. prevzatý z rubu tit. strany 
504 |a Slovník. Reg. 
650 0 7 |a záhradkárstvo  |2 SNKPH  |9 2728 
655 7 |a príručky  |2 SNKPH  |9 74364 
700 1 |a Jurkovičová, Viera,  |d 1973-  |4 trl  |9 37016 
700 1 |a Kovačičová, Jana  |4 trl  |9 6119 
700 1 |a Laurincová, Mária  |4 trl  |9 450357 
700 1 |a Oravcová, Adriana,  |d 1952-  |4 trl  |9 86529 
700 1 |a Prokešová, Viera,  |d 1957-2008  |4 trl  |9 98786 
700 1 |a Silnická, Oľga  |4 trl  |9 46808 
700 1 |a Šinková, Terézia  |4 trl  |9 215077 
700 1 |a Šípošová, Helena,  |d 1950-  |4 trl  |9 205998 
700 1 |a Šnírerová, Tatiana,  |d 1950-  |4 trl  |9 37200 
730 |a 1001 hints and tips for the garden  |9 685272 
919 |a 80-967878-5-3 
958 |a TL 
958 |a OP 
958 |a NS 
958 |a GB 
958 |a OND 
968 |b ENG 
999 |c 1064821  |d 1066751 
952 |t P60, <03>, [BOOK], {603}  |a SNK  |b SNK  |y PREZ  |7 0  |p 17A0200023  |o snkSB 60661  |i snkKSP 7307/99  |0 0  |1 0  |4 0  |d 1999-07-06  |f 1  |l 0  |r 2025-04-11 00:00:00  |w 2026-02-24 
952 |a SNK  |b SNK  |y VYP  |7 0  |p 17A0200024  |o snkSB 60661 D1  |i snkKSP 7308/99  |0 0  |1 0  |4 0  |d 1999-07-06  |l 0  |r 2005-01-02 00:00:00  |w 2026-02-24